Zakon Ėstonskoj Sovetskoj Socialističeskoj Respubliki o vyborach rajonnych (gorodskich) narodnych sudov Ėstonskoj SSR

Titel: Zakon Ėstonskoj Sovetskoj Socialističeskoj Respubliki o vyborach rajonnych (gorodskich) narodnych sudov Ėstonskoj SSR : oficial'nyj tekst s izmenenijami i dopolnenijami na 26 marta 1987 g.
Veröffentlicht: Tallin : Ėėsti Raamat, 1987
Umfang: 33 S.
Format: Buch
Sprache: Russisch
Kein Bild verfügbar
X
Lokale Klassifikation: 47 12 J ; 47 12 M
alg: 29014655
001A    $03004:21-02-12 
001B    $01999:09-06-23 $t19:51:08.000 
001C    $03004:22-02-12 $t14:56:26.000 
001D    $03004:21-02-12 
001U    $0utf8 
001X    $00 
002@    $0Aau 
003@    $0290146550 
007A    $0290146550 $aHEB 
007T    $0Herdhh290146550 
010@    $arus 
011@    $a1987 
021A    $aZakon Ėstonskoj Sovetskoj Socialističeskoj Respubliki o vyborach rajonnych (gorodskich) narodnych sudov Ėstonskoj SSR $doficial'nyj tekst s izmenenijami i dopolnenijami na 26 marta 1987 g. 
033A    $pTallin $nĖėsti Raamat 
034D    $a33 S. 
045F    $a340.09 $eDDC23BSB 
045F/01 $a340.09 
045F/03 $g4798 
045G    $a351.09 $eDDC23BSB 
045G/01 $a351.09 
045G/03 $g4798 
046L    $aIn kyrill. Schr., russ. 

lok: 29014655 24
101B    $022-02-12 $t08:18:47.000 
101C    $021-02-12 
101U    $0utf8 
145Z/01 $a47 12 J 
145Z/02 $a47 12 M 

exp: 29014655 24 1 #EPN
201B/01 $003-06-13 $t13:08:53.000 
201C/01 $021-02-12 
201U/01 $0utf8 
203@/01 $0638518105 
208@/01 $a31-05-13 $bz 
209A/01 $aS 27201 $du $f050 $hS 27201 $x00 
209C/01 $a12.00808 G $h12 00808 G 
209G/01 $a73011132 $x00 
220C/01 $amar 
247C/01 $8358050-7 Marburg, Bibliothek des Herder-Instituts Marburg $9102600961 

lok: 29014655 78

exp: 29014655 78 1 #EPN
201B/01 $019-04-17 $t22:04:26.000 
201U/01 $0utf8 
203@/01 $0793887135 
208@/01 $a12-11-16 $be 
209A/01 $a/ $f000 $x00 
237A/01 $aIn kyrill. Schr., russ 
244Z/01 $2Trx $#Estija $#Igaunija $#Estland $#Estonia $#Estonia $#Estónsko $#Estonsko $8--Trx--Eesti $x01 $9391237225 
245Z/01 $a07.01 $x01 
247C/01 $82080>Marburg/Lahn, Herder-Institut, Forschungsbibliothek, Bibliographieportal $9336309341
LEADER 00000cam a2200000 c 4500
001 290146550
003 DE-603
005 20230609195108.0
007 tu
008 120221s1987 xx |||| | u00||u|rus c
035 |a (DE-599)HEB290146550 
040 |a DE-603  |b ger  |c DE-603  |d DE-603 
041 |a rus 
082 0 4 |8 1\u  |a 340.09  |q DE-101  |2 23/BSB 
083 0 |8 2\u  |a 351.09  |q DE-101  |2 23/BSB 
085 |8 1\u  |b 340.09 
085 |8 1\u  |z 2  |s 4798 
085 |8 2\u  |b 351.09 
085 |8 2\u  |z 2  |s 4798 
245 0 0 |a Zakon Ėstonskoj Sovetskoj Socialističeskoj Respubliki o vyborach rajonnych (gorodskich) narodnych sudov Ėstonskoj SSR  |b oficial'nyj tekst s izmenenijami i dopolnenijami na 26 marta 1987 g. 
264 1 |a Tallin  |b Ėėsti Raamat  |c 1987 
300 |a 33 S. 
546 |a In kyrill. Schr., russ. 
924 0 |9 Mb 50  |a (DE-603)638518105  |b DE-Mb50  |c HES  |d c  |g S 27201 
924 0 |9 2080  |a (DE-603)793887135  |b DE-2080  |c HES  |d d  |g /